Handbook of poisoning / (Record no. 134848)
[ view plain ]
| 000 -LEADER | |
|---|---|
| fixed length control field | 00780nam a22002657a 4500 |
| 003 - CONTROL NUMBER IDENTIFIER | |
| control field | dpl |
| 005 - DATE AND TIME OF LATEST TRANSACTION | |
| control field | 20180607115705.0 |
| 008 - FIXED-LENGTH DATA ELEMENTS--GENERAL INFORMATION | |
| fixed length control field | 180607b xxu||||| |||| 00| 0 eng d |
| 010 ## - LIBRARY OF CONGRESS CONTROL NUMBER | |
| LC control number | B-168219 |
| 020 ## - INTERNATIONAL STANDARD BOOK NUMBER | |
| Terms of availability | 445.00 |
| International Standard Book Number | 8185578648 |
| 035 ## - SYSTEM CONTROL NUMBER | |
| System control number | B-168219, B-168220 |
| 037 ## - SOURCE OF ACQUISITION | |
| Source of stock number/acquisition | Cen Lib/Ret |
| 040 ## - CATALOGING SOURCE | |
| Original cataloging agency | DPL |
| Language of cataloging | EN |
| Transcribing agency | 0 |
| 082 ## - DEWEY DECIMAL CLASSIFICATION NUMBER | |
| Classification number | 615.9 |
| Item number | AVI |
| 100 ## - MAIN ENTRY--PERSONAL NAME | |
| Personal name | Avinash Shankar |
| 9 (RLIN) | 41958 |
| 245 ## - TITLE STATEMENT | |
| Title | Handbook of poisoning / |
| Statement of responsibility, etc | by Avinash Shankar |
| 250 ## - EDITION STATEMENT | |
| Edition statement | 2nd ed |
| 260 ## - PUBLICATION, DISTRIBUTION, ETC. (IMPRINT) | |
| Place of publication, distribution, etc | Mumbai |
| Name of publisher, distributor, etc | Bhalani Publishing House |
| Date of publication, distribution, etc | 2005 |
| 270 ## - ADDRESS | |
| City | Mumbai |
| Address | 11, Mavawala building |
| Postal code | 400012 |
| 300 ## - PHYSICAL DESCRIPTION | |
| Extent | v,864p. |
| Dimensions | 21cm(Hb) |
| 500 ## - GENERAL NOTE | |
| General note | Include appendix and index |
| 650 ## - SUBJECT ADDED ENTRY--TOPICAL TERM | |
| Topical term or geographic name as entry element | Poisoning |
| 9 (RLIN) | 26187 |
| 650 ## - SUBJECT ADDED ENTRY--TOPICAL TERM | |
| Topical term or geographic name as entry element | Diagnosis and treatment |
| 9 (RLIN) | 41959 |
| 942 ## - ADDED ENTRY ELEMENTS (KOHA) | |
| Source of classification or shelving scheme | Dewey Decimal Classification |
| Koha item type | English Books |
| Classification part | 615.9 |
| Call number suffix | AVI |
| Withdrawn status | Lost status | Damaged status | Not for loan | Collection code | Home library | Current library | Date acquired | Source of acquisition | Cost, normal purchase price | Total Checkouts | Full call number | Barcode | Date last seen | Copy number | Cost, replacement price | Price effective from | Koha item type | Source of classification or shelving scheme | Date checked out |
|---|---|---|---|---|---|---|---|---|---|---|---|---|---|---|---|---|---|---|---|
| Not For Loan | Reference | Central Library | Central Library | 31/07/2015 | Cen Lib/Ret | 445.00 | 615.9 AVI | B-168219 | 31/07/2015 | 1 | 445.00 | 31/07/2015 | English Books | ||||||
| Non-fiction | Shahdara Branch | Shahdara Branch | 07/06/2018 | BPPD/PUB | 445.00 | 1 | 615.9 AVI | B-168220 | 19/01/2020 | 445.00 | 07/06/2018 | English Books | Dewey Decimal Classification | 09/01/2020 |
